000 02885cam a22004574i 4500
003 PE-LiUPU
005 20250731165418.0
008 151210s2009 pe a grm 000 0 spa d
035 _a(Sirsi) a155468
040 _aPE-LiUPU
_bspa
_cPE-LiUPU
_erda
082 0 4 _a222.9
_bA41 T3
099 _aTT 3
_bA41 2009
100 1 _aAlmeida Filho, Edno José
_eautor
245 1 3 _aUn estudio sobre la historicidad del libro de Ester /
_cEdno José Almeida Filho.
264 0 _c2009.
300 _a154 hojas
_c30 cm
336 _atext
_2rdacontent
337 _aunmediated
_2rdamedia
338 _avolume
_2rdacarrier
502 _aTesis
_b(Mg.) --
_cUniversidad Peruana Unión,
_d2009.
504 _aIncluye referencias
520 3 _aEsta investigación es histórico-bibliográfica. Se realizó un estudio profundo comparando las ediciones críticas mediante el uso de sus respectivos aparatos críticos. Se hizo un estudio etimológico a las palabras extranjeras encontradas en el texto hebreo, para conocer la posible época de composición del libro, a través de bibliografía existente sobre el tema. Se analizaron las informaciones sobre los personajes y la ciudad de Susa, donde se corroboraron con fuentes extra-bíblicas, juntamente con los argumentos de los dos grupos involucrados: quienes están en contra y quienes están a favor de la historicidad. El investigador se propone: primero, a través de los textos examinados, comparar cada versión, analizando las palabras extranjeras existentes en el libro, así como la estructura literaria. Segundo, corroborar las evidencias históricas y arqueológicas a través de las fuentes extra-bíblicas, con el relato bíblico. Tercero, examinar los argumentos de los eruditos modernos sobre la historicidad del libro. Muchos eruditos creen que el libro de Ester es una ficción. Otros creen que el relato es real y, por lo tanto, histórico. La hipótesis presentada en este trabajo es que el relato presentado en el libro de Ester puede ser histórico, a pesar de que puedan existir algunos elementos que aparentan ficción. Se concluye este estudio con la propuesta, de que sería más coherente aceptar la posición que el libro de Ester es histórico, pues la mayoría de las evidencias encontradas están a favor de la propuesta aquí presentada sobre su historicidad.
526 _aSEG44
526 _aSEG26
526 _aP151
526 _aP150
526 _aP149
526 _aP146
526 _aP145
526 _aP126
526 _aP125
526 _aP92
526 _aP75
526 _aP74
526 _aP27
526 _aP15
650 0 4 _aBiblia
_pA.T.
_pEster
_xHistoricidad
_vTesis.
596 _a1
942 _2ddc
_cTESIS
999 _aTT 3 A41 2009
_wALPHANUM
_c8146
_iT01094
_lCCODEBUL3
_mBUL
_r1
_sY
_tTESIS
_u2015-12-10
_xPOSGRADO
_PP85
_o.STAFF. Tesis
_d8146
980 _81
_gALBERTO SANCHEZ Responsable de Automatización